00480nam a2200157 a 450000100100000000500170001000800410002704000250006808200150009310000240010824500640013225000110019626000450020730000420025250400280029400002722020200930030700.0110330s1978 dr abc 000 0 spa d aDO-SdBNPbspacBNPHU axxxbM762b1 aMontás, Argentina10aBosquejo de la historia de América /cArgentina Montás. a11a ed aSanto Domingo :bAmigo del Hogar,c1978. a288 p. :bil., mapa, retrs. ;c23 cm. aBibliografía : p. 289